000 00245nam a2200109Ia 4500
005 20251222114342.0
008 251222s1900||||xx |||||||||||||| ||spa||
082 _aDVD0070/B11/2003
245 0 _aCarandiru
264 _bBabenco, Héctor
942 _cDVD
999 _c887
_d887